Statistics for Counties Of Ireland

Click here to take the quiz!

General Stats

  • This quiz has been taken 53 times
  • The average score is 25 of 32

Answer Stats

HintAnswer% Correct
Largest CountyCork
93%
CapitalDublin
93%
Sligo
89%
Galway
86%
Most Sam Mcguire'sKerry
86%
Most Liam McCarthy'sKilkenny
86%
Tipperary
86%
Waterford
86%
Wexford
86%
Donegal
82%
Wicklow
82%
Cavan
79%
Derry
79%
Mayo
79%
Antrim
75%
Clare
75%
Limerick
75%
Longford
75%
Meath
75%
Tyrone
75%
Westmeath
75%
Armagh
71%
Down
71%
Fermanagh
71%
Kildare
71%
Laois
71%
Leitrim
71%
Monaghan
71%
Offaly
71%
Roscommon
71%
Carlow
68%
Louth
64%

Score Distribution

Percentile by Number Answered

Percent of People with Each Score

Your Score History

You have not taken this quiz